| 000 | 00683nam a22002177a 4500 | ||
|---|---|---|---|
| 005 | 20081020150744.0 | ||
| 008 | 081020t xxu||||| |||| 00| 0 eng d | ||
| 010 | _aENG-84483 | ||
| 020 | _a8178841991 | ||
| 020 | _c600.00 (hb) | ||
| 035 | _aEN-68016 | ||
| 082 | _a350 / ALI | ||
| 100 | _aAli Ashraf | ||
| 245 |
_aPublic administration / _cby Ali Ashraf |
||
| 260 |
_aNew Delhi _bCyber Tech Publications |
||
| 260 | _c2006 | ||
| 300 |
_a353p _c22cm |
||
| 500 | _aIncludes bibliographical references | ||
| 942 |
_2ddc _cEN _h350 _m ALI |
||
| 999 |
_c17789 _d17789 |
||